000
00248nam a2200097Ia 4500
008
230907s9999||||xx |||||||||||||| ||und||
082
_a
6.38
_b
ADV
245
0
_a
Advanced optimization by nature-inspired algorithms /
300
_a
159 P.
942
_c
BK
999
_c
598356
_d
598356